000 00665nam a22001937a 4500
005 20100728145536.0
010 _aENG-97213
020 _a9789380024950
_c80.00
035 _aEN-80746
037 _bDBAD/PUB
082 _a005.2762
100 _aLalitha, V
_92157
245 _aJ 2EE Technologies /
_cby V Lalitha
260 _aErode
_bPallavi Publications S. India
_c2009
270 _a194, Kanna Complex, Mettur Road
_bErode
_e11
300 _a114p.
_c21cm. (pbk)
942 _2ddc
_cEN
_h005.2762
_mLAL
999 _c38103
_d38103